This, But Not That XI Quiz Stats

 Plays Quiz Updated Mar 17, 2018

Score 0/18 Timer 05:00
4 Plays Today
% Correct
Planets
93.7%
Condiments
90.8%
Euphemisms for Passing Gas
90.7%
Wine Bottling Needs
85.7%
U.S. State Capitals
83.6%
Grocery Bag Choices
82.2%
Genres of Music
80.7%
Famous Colins
77.6%
Types of Poems
77.5%
% Correct
Poisonous Gases
73.8%
Peter in Other Languages
73.4%
German Chancellors
72%
Mythical Creatures
68.3%
Authors of the U.S. Constitution
67.9%
Major Record Labels
65.5%
Counties of Ireland
62.9%
New Testament Writers
62%
Doctors in TV Show Titles
48.4%

You're not logged in!

Compare scores with friends on all Sporcle quizzes.
OR
Log In

Sporcle TV

Today on Sporcle TV


Watch our educational content, quiz creation guides, and fun videos on Sporcle TV.

Show Comments

Extras

Top Quizzes Today


Score Distribution

Your Account Isn't Verified!

In order to create a playlist on Sporcle, you need to verify the email address you used during registration. Go to your Sporcle Settings to finish the process.

Report this User

Report this user for behavior that violates our Community Guidelines.

Details: